000 00275nam a22001097a 4500
008 170120b xxu||||| |||| 00| 0 eng d
020 _a9781584802501
041 _aeng
080 _a618.2
245 _aFIRST AID RESPONDING AND EMERGENCIES
_cAMERICAN RED CROSS
942 _2udc
_cBK
999 _c3271
_d3271